[Event "SLO-ch U16"]
[Site "Okroglo"]
[Date "1996.??.??"]
[Round "2"]
[White "Blazevic, Dragan"]
[Black "Hrovat, Jaka"]
[Result "1/2-1/2"]
[WhiteElo "1700"]
[BlackElo "1700"]
[PlyCount "68"]
[EventDate "1996.??.??"]
[EventType "swiss"]
[EventRounds "9"]
[EventCountry "SLO"]
[SourceTitle "EXT 1998"]
[Source "ChessBase"]
[SourceDate "1997.11.17"]
[SourceVersion "1"]
[SourceVersionDate "1997.11.17"]
[SourceQuality "1"]

1. c4 e6 2. Nc3 c6 3. e3 d5 4. cxd5 exd5 5. d4 Nf6 6. Nf3 Be7 7. Bd3 0-0 8. h3 h6 9. a3 Re8 10. Qc2 Nbd7 11. b4 Bd6 12. Bb2 Nf8 13. Rd1 Bd7 14. Qd2 N8h7 15. h4 Ne4 16. Bxe4 dxe4 17. Ng1 Nf6 18. Nce2 Nd5 19. Nc3 Nxc3 20. Qxc3 f6 21. Ne2 Bg4 22. Rd2 Qe7 23. Qb3+ Be6 24. Qd1 Bd5 25. Nc3 Rac8 26. Qg4 Qe6 27. Qxe6+ Rxe6 28. Rc2 Ree8 29. Ke2 a6 30. Nxd5 cxd5 31. Rhc1 Rxc2+ 32. Rxc2 Re7 33. Rc3 Rc7 34. g3 Kf7 1/2-1/2

[Event "SLO-ch U16"]
[Site "Okroglo"]
[Date "1996.??.??"]
[Round "1"]
[White "Bobinski, Milan"]
[Black "Blazevic, Dragan"]
[Result "1-0"]
[WhiteElo "1890"]
[BlackElo "1700"]
[PlyCount "71"]
[EventDate "1996.??.??"]
[EventType "swiss"]
[EventRounds "9"]
[EventCountry "SLO"]
[SourceTitle "EXT 1998"]
[Source "ChessBase"]
[SourceDate "1997.11.17"]
[SourceVersion "1"]
[SourceVersionDate "1997.11.17"]
[SourceQuality "1"]

1. e4 c5 2. Nf3 d6 3. d4 cxd4 4. Nxd4 e6 5. Bc4 d5 6. exd5 exd5 7. Qe2+ Ne7 8. Bb3 Nbc6 9. Qb5 a6 10. Nxc6 bxc6 11. Qe2 g6 12. 0-0 Bg7 13. Re1 Be6 14. Nc3 0-0 15. Na4 a5 16. c3 Nf5 17. Bf4 Qh4 18. Qd2 Rfe8 19. Nc5 Qe7 20. Nxe6 fxe6 21. Ba4 Qb7 22. Be5 Rac8 23. Rab1 Qf7 24. Qd3 Kh8 25. Qa6 Rf8 26. Bxg7+ Kxg7 27. Qxa5 Qf6 28. Qa7+ Ne7 29. Qe3 Nf5 30. Qxe6 Rc7 31. Qxf6+ Rxf6 32. Re2 d4 33. cxd4 Nxd4 34. Re4 c5 35. Rbe1 Re7 36. Rxe7+ 1-0

[Event "SLO-ch U16"]
[Site "Okroglo"]
[Date "1996.??.??"]
[Round "6"]
[White "Zukevic, Boris"]
[Black "Blazevic, Dragan"]
[Result "1-0"]
[WhiteElo "1850"]
[BlackElo "1700"]
[PlyCount "77"]
[EventDate "1996.??.??"]
[EventType "swiss"]
[EventRounds "9"]
[EventCountry "SLO"]
[SourceTitle "EXT 1998"]
[Source "ChessBase"]
[SourceDate "1997.11.17"]
[SourceVersion "1"]
[SourceVersionDate "1997.11.17"]
[SourceQuality "1"]

1. e4 c5 2. c4 e6 3. Nc3 Nc6 4. Nf3 d6 5. d4 Nf6 6. dxc5 dxc5 7. Qxd8+ Kxd8 8. Bg5 h6 9. Bh4 g5 10. Bg3 Nb4 11. 0-0-0+ Nd7 12. Ne5 Rh7 13. a3 Na6 14. h4 gxh4 15. Bxh4+ Ke8 16. Nxd7 Bxd7 17. e5 Be7 18. Bd3 Rh8 19. Be4 Rb8 20. g4 Bxh4 21. Rxh4 Ke7 22. f4 b6 23. f5 exf5 24. gxf5 Rbg8 25. Nd5+ Kf8 26. Nf6 Nb8 27. Nxg8 Kxg8 28. Rdh1 f6 29. Bd5+ Kg7 30. e6 Bc6 31. Rg4+ Kf8 32. Rg6 Bxd5 33. cxd5 h5 34. d6 Nc6 35. Rxf6+ Kg7 36. Rf7+ Kh6 37. Rg1 h4 38. d7 h3 39. e7 1-0